000 00204 a2200097 4500
001 45982
100 _aLaveaga
245 _aVolley Ball
260 _aNew York
_bA S Barnes & Co
_c
090 _c29101
_d29101
942 _aNUST-CAE
_cM
_c21227
999 _c281055
_d281055